000
00294nam a2200109Ia 4500
008
220204s9999 xx 000 0 und d
082
_a
NR:62TSR
_b
WEE
100
_a
Weereratne, Sheana
245
0
_a
Current status of technically specified rubbers - an update
260
_a
U K
_b
IRSG
942
_c
BK
999
_c
41348
_d
41348